Kadra reprezentacji Argentyny - MŚ 2002 - Statystyki

Ogólne statystyki
  • Ten quiz został rozwiązany 16 razy
  • Średni wynik to 7 z 24
Statystyki odpowiedzi
Nr Zawodnik Poz % Poprawnych
11 Juan Sebastián Verón PO
79%
9 Gabriel Batistuta NA
71%
19 Hernán Crespo NA
71%
8 Javier Zanetti OB
64%
2 Roberto Ayala OB
57%
7 Claudio López NA
43%
14 Diego Simeone PO
43%
17 Gustavo López NA
43%
6 Walter Samuel OB
43%
3 Juan Pablo Sorín OB
36%
18 Kily González NA
21%
# Marcelo Bielsa Trener
21%
16 Pablo Aimar PO
21%
10 Ariel Ortega PO
14%
1 Germán Burgos BR
14%
5 Matías Almeyda PO
14%
21 Claudio Caniggia NA
7%
22 José Chamot OB
7%
4 Mauricio Pochettino OB
7%
15 Claudio Husaín PO
0%
13 Diego Placente OB
0%
20 Marcelo Gallardo PO
0%
12 Pablo Cavallero BR
0%
23 Roberto Bonano BR
0%
Nie znaleziono quizów pasujących do podanych kryteriów
Rozkład punktacji
Procent ludzi z każdym wynikiem
Percentyl według liczby udzielonych odpowiedzi
Twoja historia wyników
Nie rozwiązałeś tego quizu